Sports Quiz

Random Sports or NFL Quiz

NFL Starting QBs (Miami Dolphins) Quiz Stats

 Plays Quiz Updated Jan 4, 2019

Score 0/20 Timer 04:00
0 Plays Today
Starts Player % Correct
88Ryan Tannehill
90.9%
11Dan Marino
76.3%
20Chad Pennington
71.1%
31Chad Henne
62.4%
14Jay Cutler
57%
4Daunte Culpepper
55.6%
17Matt Moore
54%
59Jay Fiedler
53.3%
5Brock Osweiler
43.8%
8Cleo Lemon
36.9%
Starts Player % Correct
5Brian Griese
33.1%
11Joey Harrington
30.8%
8A.J. Feeley
28.1%
5Trent Green
25.2%
15Gus Frerotte
20.5%
6Ray Lucas
19.3%
4John Beck
18.9%
1Tyler Thigpen
17.8%
6Damon Huard
16.7%
2Sage Rosenfels
14.5%

You're not logged in!

Compare scores with friends on all Sporcle quizzes.
OR
Log In

Show Comments

Extras

Top Quizzes Today


Score Distribution

Your Account Isn't Verified!

In order to create a playlist on Sporcle, you need to verify the email address you used during registration. Go to your Sporcle Settings to finish the process.

Report this User

Report this user for behavior that violates our Community Guidelines.

Details: